| 000 | 00655cam a22002531 4500 | ||
|---|---|---|---|
| 001 | sa 67003150 | ||
| 003 | DLC | ||
| 005 | 20260227112336.0 | ||
| 008 | 890705s1966 ii a 000 0 beno | ||
| 010 | _asa 67003150 | ||
| 035 | _a(OCoLC)19963737 | ||
| 040 |
_aDLC _cWaU _dDLC |
||
| 042 | _apremarc | ||
| 043 | _aa-ii--- | ||
| 050 | 0 | 0 |
_aN7301 _b.C47 |
| 100 | 1 |
_aChakraborty, Purna Chandra, _d1902- |
|
| 245 | 1 | 0 | _aYuge yuge Bhārata śilpa. |
| 260 | _c[1966] | ||
| 300 |
_a8, 163 p. _billus. (part col.) _c25 cm. |
||
| 500 | _aMap on lining paper. | ||
| 500 | _aIn Bengali. | ||
| 650 | 0 | _aArt, Indic. | |
| 650 | 0 |
_aArchitecture _zIndia _xHistory. |
|
| 999 |
_c73660 _d73660 |
||